Astrophysical implications of the laboratory study of presolar materials (Record no. 12905)

MARC details
000 -LEADER
fixed length control field 01079nam a2200241Ia 4500
003 - CONTROL NUMBER IDENTIFIER
control field IN-BaIIA
008 - FIXED-LENGTH DATA ELEMENTS--GENERAL INFORMATION
fixed length control field 211028s9999 xx 000 0 eng d
020 ## - INTERNATIONAL STANDARD BOOK NUMBER
International Standard Book Number 1-56396-664-6
040 ## - CATALOGING SOURCE
Transcribing agency IIA Library
080 ## - UNIVERSAL DECIMAL CLASSIFICATION NUMBER
Universal Decimal Classification number 523.6(082.2)
Item number AST
111 ## - MAIN ENTRY--MEETING NAME
Meeting name or jurisdiction name as entry element Conference Astrophysical Implications of the Laboratory Study of Pre solar Materials
Location of meeting USA
Date of meeting or treaty signing 1996 Oct. 31- Nov. 2
9 (RLIN) 22641
245 #0 - TITLE STATEMENT
Title Astrophysical implications of the laboratory study of presolar materials
Remainder of title proceedings of the conference held in St.Louis, USA, October 31 to November 2, 1996
Statement of responsibility, etc. edited by T. J. Bernatowicz and Ernst Zinner
260 ## - PUBLICATION, DISTRIBUTION, ETC.
Place of publication, distribution, etc. New York
Name of publisher, distributor, etc. American Institute of Physics
Date of publication, distribution, etc. 1997
300 ## - PHYSICAL DESCRIPTION
Extent xiii, 750p.
490 ## - SERIES STATEMENT
Series statement AIP conference proceedings; v. 402
650 ## - SUBJECT ADDED ENTRY--TOPICAL TERM
Topical term or geographic name entry element Astrophysics -- Congresses
9 (RLIN) 12189
650 ## - SUBJECT ADDED ENTRY--TOPICAL TERM
Topical term or geographic name entry element Cosmic grains -- Congresses
9 (RLIN) 22642
650 ## - SUBJECT ADDED ENTRY--TOPICAL TERM
Topical term or geographic name entry element Cosmochemistry -- Congresses
9 (RLIN) 22643
700 ## - ADDED ENTRY--PERSONAL NAME
Personal name Bernatowicz, T. J., ed.
9 (RLIN) 22644
700 ## - ADDED ENTRY--PERSONAL NAME
Personal name Zinner, Ernst., ed.
9 (RLIN) 22645
710 ## - ADDED ENTRY--CORPORATE NAME
Corporate name or jurisdiction name as entry element American Institute of Physics
9 (RLIN) 2416
942 ## - ADDED ENTRY ELEMENTS (KOHA)
Koha item type Books
Holdings
Withdrawn status Lost status Damaged status Not for loan Home library Current library Shelving location Date acquired Cost, normal purchase price Total Checkouts Full call number Barcode Date last seen Cost, replacement price Price effective from Koha item type Purchase Price
        IIA Library-Bangalore IIA Library-Bangalore General Stacks 16/02/1999 8900.00   523.6(082.2)/ AST 13822 05/11/2021 8900.00 16/02/1999 Books Rs. 8900.00

Powered by Koha